[Event "European Youth Chess Championship G16"]
[Site "Prague, Top Hotel Prague"]
[Date "2016.08.26"]
[Round "8.31"]
[White "Lomandong, Noela-Joyce"]
[Black "Vavrinkova, Eliska"]
[Result "1/2-1/2"]
[WhiteElo "1841"]
[BlackElo "1716"]
[PlyCount "39"]
[EventDate "2016.08.18"]

1. Nf3 Nf6 2. g3 d5 3. Bg2 g6 4. O-O Bg7 5. c4 c6 6. d4 O-O 7. Nc3 Nbd7 8. cxd5
cxd5 9. Bg5 a6 10. Qb3 e6 11. Rfd1 Qe7 12. Re1 h6 13. Bxf6 Bxf6 14. e4 dxe4 15.
Nxe4 Bg7 16. Rac1 Nf6 17. Nc3 Qd6 18. Ne4 Nxe4 19. Rxe4 b5 20. Re2 $11 1/2-1/2

[Event "European Youth Chess Championship G16"]
[Site "Prague, Top Hotel Prague"]
[Date "2016.08.26"]
[Round "8.32"]
[White "Jorge, Rita Maria Osorio"]
[Black "Vitova, Anna"]
[Result "1-0"]
[WhiteElo "1794"]
[BlackElo "1727"]
[PlyCount "47"]
[EventDate "2016.08.18"]

1. e4 c5 2. Nf3 d6 3. d4 cxd4 4. Nxd4 Nf6 5. Nc3 a6 6. Bc4 e6 7. O-O b5 8. Bb3
b4 9. Na4 Nxe4 10. Re1 Nc5 11. Nxc5 dxc5 12. Qf3 Ra7 13. Nf5 g6 14. Nh6 Bxh6
15. Bxh6 Qh4 16. Bg7 Rg8 17. Bf6 Qh5 18. Rad1 Bd7 19. Qd3 Qf5 20. Qd6 Nc6 21.
Ba4 Qxf6 22. Bxc6 Qd8 23. Bxd7+ Rxd7 24. Rxe6+ 1-0

[Event "European Youth Chess Championship G16"]
[Site "Prague, Top Hotel Prague"]
[Date "2016.08.26"]
[Round "8.33"]
[White "Tumova, Anna"]
[Black "Ahmadova, Irada"]
[Result "1/2-1/2"]
[WhiteElo "1787"]
[BlackElo "1627"]
[PlyCount "71"]
[EventDate "2016.08.18"]

1. e4 c5 2. Nf3 e6 3. d4 cxd4 4. Nxd4 a6 5. c4 Nf6 6. Nc3 Qc7 7. Be2 Nc6 8. Be3
Bb4 9. f3 d5 10. exd5 exd5 11. Qb3 dxc4 12. Bxc4 Nxd4 13. Bxd4 Qe7+ 14. Kf2 O-O
15. Rhe1 Qd6 16. Rad1 Bc5 17. Be3 Qc7 18. Nd5 Nxd5 19. Bxd5 Bf5 20. Rc1 Bxe3+
21. Qxe3 Qxh2 22. Bxb7 Rab8 23. Qe7 Bh3 24. Rg1 Rfe8 25. Qc7 Qxc7 26. Rxc7 Bc8
27. Rxc8 Rexc8 28. Bxc8 Rxc8 29. Re1 g6 30. b4 Rb8 31. a3 Kf8 32. Re5 Rb5 33.
Re4 f5 34. Re6 a5 35. bxa5 Rxa5 36. Re3 1/2-1/2

[Event "European Youth Chess Championship G16"]
[Site "Prague, Top Hotel Prague"]
[Date "2016.08.26"]
[Round "8.34"]
[White "Ciocan, Maria-Alexandra"]
[Black "Markova, Ralitca"]
[Result "1-0"]
[WhiteElo "1742"]
[BlackElo "1581"]
[PlyCount "109"]
[EventDate "2016.08.18"]

1. e4 c5 2. Nc3 Nc6 3. Bb5 g6 4. Bxc6 bxc6 5. f4 e6 6. Nf3 Bg7 7. e5 d5 8. exd6
Qxd6 9. d3 Nf6 10. O-O O-O 11. Ne5 Nd7 12. Nc4 Qc7 13. Be3 f5 14. Qe2 Ba6 15.
Nd2 Bxc3 16. bxc3 e5 17. fxe5 Qxe5 18. Qf3 Qd5 19. c4 Qxf3 20. Rxf3 Rfe8 21.
Nb3 Re5 22. Kf2 Rae8 23. Re1 Bc8 24. h3 Ba6 25. Bd2 Rxe1 26. Bxe1 Kf7 27. Bc3
Bc8 28. Na5 Nb8 29. Bd2 Na6 30. a3 Bd7 $11 31. Bf4 Kf6 32. Nb3 Re6 33. h4 Kg7
34. Re3 Kf7 35. h5 gxh5 36. Rh3 Kg6 37. Rg3+ Kf6 38. Rg8 Re8 39. Rg5 Rb8 40.
Rxh5 Rh8 41. Bd6 Kg6 42. Rh1 h5 43. Bxc5 Nxc5 44. Nxc5 Bc8 45. Rb1 Re8 46. Rb8
Kg5 47. Ra8 Kh4 48. Rxa7 f4 49. Rf7 Bg4 50. Ne4 Ra8 51. Rxf4 Rxa3 52. Kg1 Ra2
53. Rf2 Bd1 54. Nc3 Rxc2 55. Nxd1 1-0

[Event "European Youth Chess Championship G16"]
[Site "Prague, Top Hotel Prague"]
[Date "2016.08.26"]
[Round "8.35"]
[White "Buchta, Agnieszka"]
[Black "Nemcova, Kamila"]
[Result "1/2-1/2"]
[WhiteElo "1599"]
[BlackElo "1774"]
[PlyCount "43"]
[EventDate "2016.08.18"]

1. e4 c5 2. b3 d6 3. Bb2 Nf6 4. Bb5+ Nc6 5. Bxc6+ bxc6 6. d3 g6 7. f4 Bg7 8.
Nf3 O-O 9. O-O Qb6 10. c4 d5 11. Qe1 d4 12. Nbd2 Ng4 13. Qh4 Bf6 14. Qg3 Ne3
15. Rfd1 Bg7 16. Nf1 Nxf1 17. Rxf1 a5 18. Bc1 a4 19. bxa4 Rxa4 20. Nh4 Qa5 21.
a3 Qc7 22. Qf2 1/2-1/2

[Event "European Youth Chess Championship G16"]
[Site "Prague, Top Hotel Prague"]
[Date "2016.08.26"]
[Round "8.36"]
[White "Pellicoro, Nathalie"]
[Black "Litvjakova, Darija"]
[Result "1/2-1/2"]
[WhiteElo "1832"]
[BlackElo "1597"]
[PlyCount "93"]
[EventDate "2016.08.18"]

1. e4 c6 2. d4 d5 3. e5 Bf5 4. Nf3 e6 5. Be2 Nd7 6. O-O c5 7. Be3 Qb6 8. Nc3 a6
9. Rb1 Qc7 10. Nh4 Bg6 11. f4 Be7 12. Nxg6 hxg6 13. a4 cxd4 14. Bxd4 Bc5 15. b4
Bxd4+ 16. Qxd4 Rc8 17. Rb3 Ne7 18. g4 Nc6 19. Qd2 Qb6+ 20. Kg2 Nd4 21. Rbb1
Nxe2 22. Nxe2 Rc4 23. a5 Qd8 24. Rf3 g5 25. Nd4 Qc7 26. Re1 gxf4 27. Qxf4 O-O
28. g5 Rxb4 29. c3 Rc4 30. Ree3 Qxa5 31. Qh4 Qa2+ 32. Rf2 Qb1 33. Rh3 Qe4+ 34.
Qxe4 dxe4 35. Rf4 Nxe5 36. Rxe4 Ng6 37. Kf2 Rfc8 38. Ree3 R4c5 39. Rhg3 Re5 40.
Rxe5 Nxe5 41. Ke2 Nc6 42. Nc2 Ne7 43. Nd4 Nd5 44. Kd2 Rc4 45. g6 e5 46. Nf5 f6
47. Rd3 1/2-1/2

[Event "European Youth Chess Championship G16"]
[Site "Prague, Top Hotel Prague"]
[Date "2016.08.26"]
[Round "8.37"]
[White "Markocic, Spela"]
[Black "Giordano, Giulia"]
[Result "1/2-1/2"]
[WhiteElo "1680"]
[BlackElo "1831"]
[PlyCount "76"]
[EventDate "2016.08.18"]

1. e4 d5 2. exd5 Nf6 3. c4 c6 4. Nc3 cxd5 5. d4 Nc6 6. Nf3 Bg4 7. cxd5 Nxd5 8.
Bc4 e6 9. Bxd5 exd5 10. Be3 Qd7 11. h3 Bh5 12. O-O Be7 13. Ne5 Bxd1 14. Nxd7
Bh5 15. Ne5 f6 16. Nd3 Rd8 17. Nf4 Bf7 18. Rfe1 Nb4 19. Rad1 O-O 20. Bc1 Rfe8
21. Ne6 Rd7 22. Nc5 Bxc5 23. Rxe8+ Bxe8 24. dxc5 d4 25. a3 dxc3 26. Rxd7 Bxd7
27. axb4 c2 28. Kf1 h5 29. h4 Bf5 30. Ke2 Kf7 31. Ke3 Ke6 32. Kd4 Kd7 33. b5
Ke6 34. b4 Kd7 35. Bf4 Be6 36. Kc3 Bf5 37. Kd4 Be6 38. Kc3 Bf5 1/2-1/2

[Event "European Youth Chess Championship G16"]
[Site "Prague, Top Hotel Prague"]
[Date "2016.08.26"]
[Round "8.38"]
[White "Waardenburg, Feline"]
[Black "Manova, Ivana"]
[Result "1/2-1/2"]
[WhiteElo "1559"]
[BlackElo "1792"]
[PlyCount "55"]
[EventDate "2016.08.18"]

1. c4 e5 2. Nc3 Nc6 3. g3 f5 4. Bg2 Nf6 5. e3 Bb4 6. Nge2 Bxc3 7. Nxc3 d6 8.
O-O O-O 9. a3 f4 10. exf4 exf4 11. Nd5 Nxd5 12. Bxd5+ Kh8 13. d4 Bh3 14. Re1
Qf6 15. Bxf4 Nxd4 16. Re4 Nc6 17. b4 Bf5 18. Re1 Rae8 19. Rxe8 Rxe8 20. Ra2 Qe7
21. Bf3 h6 22. Re2 Qd7 23. Rxe8+ Qxe8 24. Bg2 b6 25. Qd2 Kh7 26. h4 Be4 27. Qe3
Bg6 28. Qd2 1/2-1/2

[Event "European Youth Chess Championship G16"]
[Site "Prague, Top Hotel Prague"]
[Date "2016.08.26"]
[Round "8.39"]
[White "Smajzrova, Veronika"]
[Black "Mutlu, Beste"]
[Result "0-1"]
[WhiteElo "1442"]
[BlackElo "1759"]
[PlyCount "96"]
[EventDate "2016.08.18"]

1. e4 c5 2. Nf3 d6 3. d4 cxd4 4. Nxd4 Nf6 5. Nc3 g6 6. Be3 Bg7 7. f3 a6 8. Qd2
Nbd7 9. g4 b5 10. h4 h5 11. g5 Nh7 12. f4 Nc5 13. Bg2 Bb7 14. O-O-O Qa5 15. Kb1
Nf8 16. f5 Nfd7 17. fxg6 fxg6 18. Rhf1 Ne5 19. Nb3 Nxb3 20. axb3 Rc8 21. Bd4
Qc7 22. Bxe5 Bxe5 23. Qf2 e6 24. Bh3 Qe7 25. Ne2 Bxe4 26. Nd4 Bf5 27. Bxf5 exf5
28. Nf3 O-O 29. Rfe1 Qg7 30. Qb6 Rfe8 31. Nxe5 dxe5 32. Rd6 Kh7 33. Red1 Re7
34. Qxa6 Rce8 35. Qxb5 e4 36. Rf6 e3 37. Re1 Re6 38. Rxe6 Rxe6 39. Qc4 Qe7 40.
Re2 Re4 41. Qd3 f4 42. Re1 f3 43. Qf1 f2 44. Re2 Rg4 45. Rxf2 exf2 46. Qxf2 Re4
47. c4 Re2 48. Qg3 Re1+ 0-1

[Event "European Youth Chess Championship G16"]
[Site "Prague, Top Hotel Prague"]
[Date "2016.08.26"]
[Round "8.40"]
[White "Daliga, Anita"]
[Black "Bierska, Adela"]
[Result "1-0"]
[WhiteElo "1638"]
[BlackElo "1722"]
[PlyCount "75"]
[EventDate "2016.08.18"]

1. e4 e6 2. d4 d5 3. exd5 exd5 4. c4 Nf6 5. Nc3 Nc6 6. Be3 Be6 7. c5 a6 8. Nf3
g6 9. Bd3 Bg7 10. O-O O-O 11. h3 Kh8 12. Qd2 Ng8 13. Rfe1 Qd7 14. Bc2 Rfe8 15.
Bf4 Bf5 16. Bxf5 Qxf5 17. Bxc7 Bh6 18. Qd1 Nb4 19. Re5 Rxe5 20. Bxe5+ f6 21.
Bg3 Ne7 22. a3 Nbc6 23. Qe2 g5 24. Rd1 Rg8 25. Qd3 Qd7 26. Ne2 Ng6 27. b4 Nf4
28. Bxf4 gxf4 29. Kh2 Qg7 30. Rg1 Nd8 31. a4 Nf7 32. b5 Bg5 33. Nc3 Nh6 34. Qe2
f5 35. Nxd5 Qf7 36. Nxg5 Rxg5 37. Qe5+ Rg7 38. Nxf4 1-0

[Event "European Youth Chess Championship G16"]
[Site "Prague, Top Hotel Prague"]
[Date "2016.08.26"]
[Round "8.41"]
[White "Blond Hanten, Elsa"]
[Black "Karatiken, Seray"]
[Result "1/2-1/2"]
[WhiteElo "1731"]
[BlackElo "1489"]
[PlyCount "102"]
[EventDate "2016.08.18"]

1. e4 c5 2. Nf3 d6 3. d4 cxd4 4. Nxd4 Nf6 5. Nc3 a6 6. g3 e5 7. Nde2 Be7 8. Bg2
O-O 9. h3 Nbd7 10. g4 b5 11. Ng3 b4 12. Nd5 a5 13. Nxe7+ Qxe7 14. Nf5 Qe6 15.
Nxd6 Nc5 16. Nxc8 Raxc8 17. Qe2 Qc6 18. Bg5 Na4 19. Bxf6 Qxf6 20. b3 Nc3 21.
Qe3 Rfd8 22. O-O Qd6 23. Bf3 Qd2 24. Qb6 Qf4 25. Bg2 Ra8 26. a3 Rdb8 27. Qc6
Rc8 28. Qb6 Rcb8 29. Qe3 Qxe3 30. fxe3 bxa3 31. Rxa3 Rb4 32. Rfa1 f6 33. Rxa5
Rxa5 34. Rxa5 Nd1 35. Ra4 Rb7 36. b4 Nxe3 37. c3 Kf7 38. Bf1 Nd1 39. Ra3 Nxc3
40. Rxc3 Rxb4 41. Bd3 Rd4 42. Kf2 Kg6 43. Ke3 h5 44. gxh5+ Kxh5 45. Rc2 Rd6 46.
Rg2 g6 47. Bc4 f5 48. Bf7 fxe4 49. Kxe4 Rf6 50. Bc4 Rf4+ 51. Kd5 Kh4 1/2-1/2

[Event "European Youth Chess Championship G16"]
[Site "Prague, Top Hotel Prague"]
[Date "2016.08.26"]
[Round "8.42"]
[White "Espinosa, Cancino Monica"]
[Black "Nepomnyaschaya, Mariya"]
[Result "1-0"]
[WhiteElo "1682"]
[BlackElo "1569"]
[PlyCount "78"]
[EventDate "2016.08.18"]

1. d4 Nf6 2. Nf3 g6 3. c4 Bg7 4. Nc3 d6 5. e4 O-O 6. Be2 Na6 7. O-O e5 8. Re1
exd4 9. Nxd4 Nc5 10. Bf3 a5 11. Nb3 Nfd7 12. Be3 Ne6 13. a4 Ne5 14. Be2 f5 15.
f3 f4 16. Bf2 g5 17. c5 Rf6 18. cxd6 cxd6 19. Nd5 Rh6 20. Nb6 Rb8 21. Nxa5 Qe7
22. Rc1 Bd7 23. Nac4 Nxc4 24. Nxc4 Qe8 25. Nxd6 Qh5 26. h3 Nf8 27. Bc4+ Be6 28.
Nf5 Rf6 29. Nxg7 Kxg7 30. Bd4 Rc8 31. Bxf6+ Kxf6 32. e5+ Kg6 33. Qd6 Re8 34.
Bb5 Ra8 35. Qe7 Kh6 36. Rc7 Qg6 37. Rd1 Bb3 38. Rd6 Be6 39. Bd3 Qxd3 1-0

[Event "European Youth Chess Championship G16"]
[Site "Prague, Top Hotel Prague"]
[Date "2016.08.26"]
[Round "8.43"]
[White "Zach, Asif"]
[Black "Tomcikova, Zuzana"]
[Result "1-0"]
[WhiteElo "1569"]
[BlackElo "1654"]
[PlyCount "91"]
[EventDate "2016.08.18"]

1. e4 c6 2. d4 d5 3. f3 e6 4. Nc3 Bb4 5. Bf4 Ne7 6. Nge2 Nd7 7. Qd2 dxe4 8.
fxe4 Nf6 9. Ng3 Ng6 10. Bg5 Be7 11. O-O-O Qc7 12. Bxf6 Bxf6 13. Nh5 e5 14.
Nxf6+ gxf6 15. d5 Bg4 16. Be2 Bxe2 17. Qxe2 O-O-O 18. Rhf1 Rd6 19. dxc6 Rxd1+
20. Qxd1 Qxc6 21. Nd5 Qc4 22. Qf3 Kb8 23. Qxf6 Rc8 24. Nc3 Rc7 25. Rd1 a6 26.
Rd8+ Ka7 27. Qf2+ b6 28. Nd5 Rb7 29. Rd6 Qc5 30. Qxc5 bxc5 31. Rc6 Rb5 32. Rc7+
Rb7 33. Rxc5 h5 34. c4 Kb8 35. Ra5 Ka7 36. c5 Rb5 37. Rxb5 axb5 38. c6 Kb8 39.
Kc2 Nf4 40. g3 Ne6 41. Kc3 Nd4 42. c7+ Kb7 43. Kb4 Kc8 44. Kc5 Kd7 45. Kb6 Ne6
46. b4 1-0

[Event "European Youth Chess Championship G16"]
[Site "Prague, Top Hotel Prague"]
[Date "2016.08.26"]
[Round "8.45"]
[White "Novotna, Tereza"]
[Black "Koljevic, Nikolina"]
[Result "0-1"]
[WhiteElo "1566"]
[BlackElo "1509"]
[PlyCount "68"]
[EventDate "2016.08.18"]

1. c4 e6 2. g3 d5 3. Bg2 Nf6 4. Nf3 Be7 5. O-O O-O 6. d3 c5 7. cxd5 exd5 8. d4
Nc6 9. dxc5 Bxc5 10. Nc3 h6 11. Bf4 Bg4 12. Ne5 Be6 13. Rc1 Bd6 14. Nxc6 bxc6
15. Bxd6 Qxd6 16. b3 Rac8 17. Na4 Rfd8 18. Qd4 a5 19. Nc5 Qe7 20. Rfd1 Bf5 21.
e3 Ne4 22. Nd3 c5 23. Qe5 Qxe5 24. Nxe5 f6 25. Nf3 c4 26. Nd4 Bg6 27. Bh3 Ra8
28. bxc4 dxc4 29. Rxc4 Bf7 30. Rc2 Ng5 31. Bg2 Rab8 32. Nc6 Rxd1+ 33. Bf1 Rbb1
34. Kg2 Bd5+ 0-1

[Event "European Youth Chess Championship G16"]
[Site "Prague, Top Hotel Prague"]
[Date "2016.08.26"]
[Round "8.46"]
[White "Manitcaia, Alina"]
[Black "Condes, Alexie Sheen"]
[Result "0-1"]
[WhiteElo "1496"]
[BlackElo "1469"]
[PlyCount "66"]
[EventDate "2016.08.18"]

1. d4 d5 2. Nf3 Nf6 3. Bg5 e6 4. e3 Be7 5. c4 b6 6. Nc3 Bb7 7. Bd3 O-O 8. O-O
Nbd7 9. Rc1 h6 10. Bf4 c5 11. Ne5 Nxe5 12. Bxe5 Rc8 13. b3 Ne4 14. f3 Nxc3 15.
Rxc3 Bg5 16. Qe2 Bf6 17. f4 Bxe5 18. dxe5 f6 19. Qg4 f5 20. Qg6 Qe8 21. Qg3 Qh5
22. Be2 Qxe2 23. Qg6 Rce8 24. e4 d4 25. Rg3 Re7 26. Qxh6 d3 27. Qg5 Rfe8 28.
exf5 exf5 29. Qxf5 Be4 30. Qg5 d2 31. f5 d1=Q 32. Rxd1 Qxd1+ 33. Kf2 Qc2+ 0-1

[Event "European Youth Chess Championship G16"]
[Site "Prague, Top Hotel Prague"]
[Date "2016.08.27"]
[Round "9.1"]
[White "Tishova, Svetlana"]
[Black "Sieber, Fiona"]
[Result "0-1"]
[WhiteElo "2012"]
[BlackElo "2173"]
[PlyCount "146"]
[EventDate "2016.08.18"]

1. e4 c5 2. Nf3 d6 3. Bb5+ Nd7 4. d4 Ngf6 5. O-O a6 6. Bxd7+ Qxd7 7. Nc3 cxd4
8. Qxd4 e5 9. Qd3 h6 10. a4 Be7 11. Nd2 Qc6 12. Nc4 Be6 13. Ne3 Rc8 14. Rd1 Bc4
15. Nxc4 Qxc4 16. f3 Qxd3 17. Rxd3 Rc6 18. Be3 Bd8 19. a5 Ke7 20. Ra2 Ke6 21.
Kf1 Be7 22. Rd2 Nd7 23. Bf2 Bg5 24. Rd3 Rhc8 25. Ke2 Bc1 26. Be1 h5 27. Kd1 Bf4
28. g3 Bg5 29. h4 Bh6 30. Ke2 f5 31. Bf2 fxe4 32. fxe4 Nf6 33. Ra1 Rc4 34. Rad1
R8c6 35. Kf3 g6 36. Be3 Bxe3 37. Rxe3 R4c5 38. Ra1 Rc8 39. Ke2 d5 40. exd5+
Nxd5 41. Nxd5 Rxd5 42. c3 Rcd8 43. Kf2 Rd2+ 44. Re2 R8d3 45. Rae1 Rxe2+ 46.
Rxe2 Rd5 47. Re4 Rxa5 48. Ke3 Ra2 49. Rb4 b5 50. c4 Ra4 51. Rb3 Rxc4 52. Ra3
Rc6 53. Ke4 Rc4+ 54. Ke3 Ra4 55. Rc3 Kd5 56. Rd3+ Kc5 57. Rc3+ Rc4 58. Ra3 Rg4
59. Rxa6 Rxg3+ 60. Ke4 Kc4 61. Kxe5 Rg4 62. Kf6 Kb3 63. Re6 Kxb2 64. Re5 b4 65.
Re2+ Kc3 66. Re3+ Kd2 67. Rh3 Kc2 68. Rh2+ Kc3 69. Rh3+ Kc4 70. Re3 b3 71. Re8
b2 72. Rc8+ Kb3 73. Rb8+ Rb4 0-1

[Event "European Youth Chess Championship G16"]
[Site "Prague, Top Hotel Prague"]
[Date "2016.08.27"]
[Round "9.2"]
[White "Avramidou, Anastasia"]
[Black "Garcia, Martin Marta"]
[Result "0-1"]
[WhiteElo "2244"]
[BlackElo "2229"]
[PlyCount "122"]
[EventDate "2016.08.18"]

1. Nf3 Nf6 2. c4 b6 3. g3 Bb7 4. Bg2 e6 5. O-O Be7 6. d4 c6 7. Qc2 d5 8. b3 O-O
9. Nc3 Na6 10. Bb2 Rc8 11. Rad1 Qc7 12. e4 Qb8 13. e5 Nd7 14. cxd5 cxd5 15. Qb1
Nc7 16. Rfe1 Ba6 17. h4 h6 18. Re3 b5 19. Ne2 b4 20. Nf4 Nb5 21. g4 Qc7 22. g5
Qc2 23. g6 Qxb1 24. Rxb1 Nc7 25. Bh3 Rfd8 26. Kh2 Nf8 27. gxf7+ Kxf7 28. Rg1
Ne8 29. Nxe6 Nxe6 30. Bxe6+ Kxe6 31. Rg6+ Kf5 32. Rxa6 Rc2 33. Ba1 Rc1 34. Rxa7
Ke6 35. Re1 Rdc8 36. Bb2 R1c2 37. Rb1 Rxf2+ 38. Kg3 Rcc2 39. Rc1 Rxb2 40. Rc8
Kf5 41. Rxe8 Rg2+ 42. Kh3 Kf4 43. Rf8+ Bxf8 44. Rf7+ Ke4 45. Rxf8 g5 46. hxg5
hxg5 47. Ne1 Rg1 48. e6 Rxe1 49. e7 Kxd4 50. e8=Q Rxe8 51. Rxe8 Rxa2 52. Kg4
Rb2 53. Kxg5 Rxb3 54. Kf4 Rd3 55. Rb8 Kc3 56. Ke5 b3 57. Rc8+ Kd2 58. Rb8 Kc2
59. Rc8+ Rc3 60. Rb8 b2 61. Kd4 Rd3+ 0-1

[Event "European Youth Chess Championship G16"]
[Site "Prague, Top Hotel Prague"]
[Date "2016.08.27"]
[Round "9.3"]
[White "Dimitrova, Aleksandra"]
[Black "Kochukova, Anna"]
[Result "0-1"]
[WhiteElo "2259"]
[BlackElo "2041"]
[PlyCount "70"]
[EventDate "2016.08.18"]

1. e4 e5 2. Nf3 Nf6 3. Nxe5 d6 4. Nf3 Nxe4 5. Bd3 d5 6. O-O Be7 7. Re1 Nc5 8.
Bb5+ c6 9. d4 Ne6 10. Bd3 O-O 11. c3 Nd7 12. Nbd2 Nf4 13. Bc2 Ng6 14. Nf1 Nf6
15. Ng3 Bd6 16. Ne5 Re8 17. f4 c5 18. Be3 cxd4 19. cxd4 Bb4 20. Rf1 Bd7 21. Qd3
Rc8 22. a3 Ba5 23. Rf2 a6 24. a4 Bb4 25. h3 b5 26. Nxd7 Qxd7 27. f5 Nf8 28. Bb3
Bd6 29. Bf4 Bxf4 30. Rxf4 Re7 31. Rf3 Rce8 32. axb5 axb5 33. Ra5 Re1+ 34. Kh2
Qd8 35. Rxb5 Ng4+ 0-1

[Event "European Youth Chess Championship G16"]
[Site "Prague, Top Hotel Prague"]
[Date "2016.08.27"]
[Round "9.4"]
[White "Tsolakidou, Stavroula"]
[Black "Karykowska, Anna"]
[Result "1-0"]
[WhiteElo "2363"]
[BlackElo "1772"]
[PlyCount "81"]
[EventDate "2016.08.18"]

1. e4 c5 2. Nf3 a6 3. c4 Nc6 4. d4 cxd4 5. Nxd4 Nf6 6. Nc3 e5 7. Nf5 d6 8. Bd3
Bxf5 9. exf5 Be7 10. O-O O-O 11. Be3 Rc8 12. b3 d5 13. Nxd5 Nxd5 14. cxd5 Nd4
15. Be4 Bf6 16. Rc1 Rxc1 17. Bxc1 Qd7 18. Qd3 Nb5 19. Be3 Rc8 20. g4 h6 21. Kh1
Qe7 22. Rc1 Rxc1+ 23. Bxc1 Qb4 24. Bd2 Qc5 25. Be3 Nd4 26. Qc4 Qxc4 27. bxc4
Kf8 28. c5 Ke8 29. d6 Nc6 30. Bd5 Nd8 31. Kg2 Kd7 32. Kg3 a5 33. h4 Nc6 34.
Bxf7 Nd4 35. Bd5 b6 36. cxb6 Kxd6 37. b7 Kc7 38. Bd2 a4 39. Ba5+ Kb8 40. Bb4
Nb5 41. Bc6 1-0

[Event "European Youth Chess Championship G16"]
[Site "Prague, Top Hotel Prague"]
[Date "2016.08.27"]
[Round "9.5"]
[White "Bojicic, Andjela"]
[Black "Obolentseva, Alexandra"]
[Result "0-1"]
[WhiteElo "2110"]
[BlackElo "2339"]
[PlyCount "104"]
[EventDate "2016.08.18"]

1. d4 Nf6 2. c4 g6 3. Nc3 Bg7 4. e4 d6 5. f3 O-O 6. Be3 c5 7. Nge2 Nc6 8. Qd2
b6 9. d5 Ne5 10. Nc1 e6 11. dxe6 Bxe6 12. b3 Ne8 13. Nd3 Nc7 14. Nxe5 Bxe5 15.
Rc1 a6 16. Be2 Qh4+ 17. Bf2 Qf6 18. O-O b5 19. Be3 b4 20. Na4 Qe7 21. Rcd1 Rad8
22. f4 Bf6 23. Bf3 Bc8 24. Qe2 Ne6 25. Qd3 Bb7 26. Nb6 Nd4 27. Nd5 Bxd5 28.
exd5 Rfe8 29. Rde1 Nxf3+ 30. Rxf3 Bd4 31. Qe2 Qe4 32. Kf1 Qf5 33. Qf2 Bf6 34.
Bc1 Kg7 35. g3 Rxe1+ 36. Qxe1 Qb1 37. Rf2 Bc3 38. Bd2 Qxe1+ 39. Bxe1 Bf6 40. f5
a5 41. Bd2 g5 42. Ke2 Bd4 43. Rf1 f6 44. Kd3 Ra8 45. Rb1 Be5 46. a4 bxa3 47.
Bc3 a4 48. bxa4 a2 49. Ra1 Rxa4 50. Bxe5 fxe5 51. Kc3 g4 52. Kb3 Ra8 0-1

[Event "European Youth Chess Championship G16"]
[Site "Prague, Top Hotel Prague"]
[Date "2016.08.27"]
[Round "9.6"]
[White "Antolak, Julia"]
[Black "Sliwicka, Alicja"]
[Result "1/2-1/2"]
[WhiteElo "2103"]
[BlackElo "2138"]
[PlyCount "48"]
[EventDate "2016.08.18"]

1. e4 e6 2. d4 d5 3. Nd2 Nf6 4. e5 Nfd7 5. Bd3 c5 6. c3 Nc6 7. Ne2 cxd4 8. cxd4
f6 9. exf6 Qxf6 10. Nf3 h6 11. O-O Bd6 12. a3 O-O 13. Bc2 Rd8 14. Ng3 Nf8 15.
Re1 Bd7 16. Ne5 Be8 17. Nxc6 bxc6 18. Re3 Bg6 19. Bxg6 Nxg6 20. Qg4 Bxg3 21.
Rxg3 Ne7 22. Bf4 Rf8 23. Rf3 Qg6 24. Qh3 Nf5 1/2-1/2

[Event "European Youth Chess Championship G16"]
[Site "Prague, Top Hotel Prague"]
[Date "2016.08.27"]
[Round "9.7"]
[White "Radeva, Viktoria"]
[Black "Protopopova, Anastasiya"]
[Result "1-0"]
[WhiteElo "2080"]
[BlackElo "2108"]
[PlyCount "75"]
[EventDate "2016.08.18"]

1. e4 e5 2. Nf3 Nc6 3. d4 exd4 4. Nxd4 Nf6 5. Nxc6 bxc6 6. Qe2 Qe7 7. Nc3 d5 8.
exd5 cxd5 9. Bg5 c6 10. Bxf6 gxf6 11. Qxe7+ Bxe7 12. O-O-O Be6 13. Ne2 Bc5 14.
Nd4 Kd7 15. Be2 Rhg8 16. g3 Kc7 17. Rhe1 Rae8 18. c3 Bb6 19. Bh5 Re7 20. Bxf7
Rxf7 21. Nxe6+ Kd6 22. Nd4 Bxd4 23. Rxd4 Rg5 24. Rf4 Re5 25. Rxe5 Kxe5 26. Kd2
Rb7 27. b3 Rg7 28. Ke3 Re7 29. Kd3 Rd7 30. Ra4 f5 31. Rh4 Rc7 32. f4+ Kf6 33.
Rh6+ Kg7 34. Rd6 a5 35. Kd4 a4 36. Kc5 axb3 37. axb3 Ra7 38. Rxc6 1-0

[Event "European Youth Chess Championship G16"]
[Site "Prague, Top Hotel Prague"]
[Date "2016.08.27"]
[Round "9.8"]
[White "Broly, Mathilde"]
[Black "Avetisyan, Mariam"]
[Result "0-1"]
[WhiteElo "2098"]
[BlackElo "2079"]
[PlyCount "94"]
[EventDate "2016.08.18"]

1. e4 c6 2. d4 d5 3. e5 Bf5 4. Bd3 Bxd3 5. Qxd3 e6 6. c3 Qb6 7. a3 a5 8. Nd2 c5
9. Ne2 c4 10. Qc2 a4 11. O-O Nc6 12. f4 Nge7 13. Rf2 Qc7 14. Nf1 b5 15. Ne3 g6
16. g4 O-O-O 17. Bd2 h5 18. h3 Bg7 19. f5 gxf5 20. gxf5 Bh6 21. fxe6 fxe6 22.
Rf6 Rdg8+ 23. Kh1 Bg5 24. Rf7 Qb7 25. Ng2 Nd8 26. Rf2 Bxd2 27. Qxd2 Nf5 28.
Raf1 Qg7 29. Ngf4 h4 30. Kh2 Qh6 31. Qe1 Ng3 32. Rg1 Ne4 33. Rfg2 Ng5 34. Qf2
Ndf7 35. Rg4 Rg7 36. Qg2 Rhg8 37. Nxd5 exd5 38. Qxd5 Kc7 39. Qc5+ Qc6 40. Qa7+
Kc8 41. d5 Qxd5 42. Nd4 Nxe5 43. Rxg5 Rxg5 44. Rxg5 Rxg5 45. Qa6+ Kd7 46. Qa7+
Ke8 47. Qb8+ Kf7 0-1

[Event "European Youth Chess Championship G16"]
[Site "Prague, Top Hotel Prague"]
[Date "2016.08.27"]
[Round "9.9"]
[White "Koridze, Lile"]
[Black "Redondo, Benavente Ana"]
[Result "0-1"]
[WhiteElo "1937"]
[BlackElo "2088"]
[PlyCount "106"]
[EventDate "2016.08.18"]

 1. d4 d6 2. Nf3 Nf6 3. c4 g6 4. Nc3 Bf5 5.
e3 Bg7 6. Bd3 Bxd3 7. Qxd3 O-O 8. O-O Nbd7 9. e4 e5 10. d5 Nc5 11. Qc2 a5 12.
h3 Nfd7 13. Bg5 f6 14. Be3 f5 15. Bg5 Qe8 16. Bd2 fxe4 17. Nxe4 Nxe4 18. Qxe4
Nc5 19. Qe3 Qd7 20. Rab1 Rf4 21. Qe2 Rf5 22. Be3 b6 23. Qc2 Raf8 24. Nd2 Rh5
25. Bxc5 bxc5 26. Ne4 Bh6 27. Qc3 Rh4 28. Rbe1 Rff4 29. g3 Qxh3 30. gxh4 Rg4+
31. Qg3 Kg7 32. Qxg4 Qxg4+ 33. Ng3 Qxh4 34. Re4 Bf4 35. Kg2 Qg5 36. Rg1 Bxg3
37. fxg3 Qd2+ 38. Kh3 Qxb2 39. Rg2 Qb1 40. Ree2 Qh1+ 41. Rh2 Qf1+ 42. Rhg2 h5
43. Kh2 Qf5 44. Rc2 g5 45. Rc3 Qe4 46. Rcc2 Kh6 47. Rgf2 h4 48. gxh4 g4 49. Kg3
Kh5 50. Rc3 Qe1 51. Rcc2 Qe3+ 52. Kg2 Kxh4 53. Rf1 g3 0-1

[Event "European Youth Chess Championship G16"]
[Site "Prague, Top Hotel Prague"]
[Date "2016.08.27"]
[Round "9.10"]
[White "Rogozenco, Teodora"]
[Black "Panainte, Andreea-Bianca"]
[Result "0-1"]
[WhiteElo "2071"]
[BlackElo "1799"]
[PlyCount "58"]
[EventDate "2016.08.18"]

 1. d4 d5 2. c4 e6 3. Nc3 c5 4. cxd5 exd5 5.
Nf3 Nc6 6. dxc5 d4 7. Na4 Bxc5 8. Nxc5 Qa5+ 9. Bd2 Qxc5 10. Rc1 Qb6 11. e3 dxe3
12. Bxe3 Qxb2 13. Bc4 Qb4+ 14. Nd2 Nge7 15. O-O O-O 16. Ne4 Bf5 17. Nd6 Bg6 18.
Bc5 Qb2 19. Qa4 b6 20. Ba3 Qf6 21. Ba6 Ne5 22. Rfe1 Rfd8 23. Nb7 Rd2 24. f4
N5c6 25. Bxe7 Nxe7 26. Rc7 Qh4 27. Re2 Rxe2 28. Bxe2 Qe1+ 29. Bf1 Bd3 0-1